000 00710nam a2200253 a 4500
001 nice12345678
003 IN_TiNIC
005 20260116013556.0
008 050524s1993 dela grp 000 0 eng
020 _a
_c1050
082 0 0 _a294.682
_bGOP
100 _aGopal, Singh
245 _aSri Guru Granth Sahib
260 _aDelhi
_bWorld Book Centre
_c1993
300 _a336p
500 _aincludes index and biblioraphy
505 2 _aGlossary
505 2 _aGlossary00
_gV1.
_tSri Guru Granth Sahib.--
_gV2.
_tSri Guru Granth Sahib.--
_gV3.
_tSri Guru Granth Sahib.--
_gV4.
_tSri Guru G
650 _aGuru Granth Sahib Sri
700 1 _aGopal, Singh
902 _bSRS
942 _cBK
999 _c11527
_d11527